000 00588nam a2200205Ia 4500
003 GCL
008 140319s9999 xx 000 0 ara d
020 _a4207291977
040 _aGCL /
_cGCL
082 0 4 _a928.1
_bف م
100 1 _aفؤاد قنديل
245 1 0 _aمحمد مندور /
_cفؤاد قنديل
250 _aالثانية
260 _aالقاهرة :
_bالحضارة للنشر ،
_c2000
300 _a261 ص ؛
_c15 سم
650 0 4 _aالتراجم الادبية
650 0 4 _aالرجال - تراجم
650 0 4 _aمحمد مندور
942 _2ddc
_cBK
999 _c4824
_d4824